00384nam a2200133Ia 4500008004100000040001800041041000800059100003300067245004100100260004700141300001800188650002400206650002000230130821s1972 fr gr fre  aCo-BoUCMbspa afre aBalzac, Honore ded1799-1850 3aLe pére GoriotcHonoré de Balzac aParís (Francia)bLe Livre de Pochec1972 a356 páginas04aLiteratura francesa04aNovela francesa